| 000 | 00519nam a2200181 4500 | ||
|---|---|---|---|
| 001 | 55 | ||
| 005 | 20220421105832.0 | ||
| 008 | 220421b |||||||| |||| 00| 0 eng d | ||
| 020 | 0 | 0 | _a81224152259 |
| 090 | 0 | 0 | _a001.42 K872r 2001 |
| 100 | 0 | 0 | _aKothari, C. R. |
| 245 | 0 | 0 |
_aResearch methodology : _bMethods and techniques / _cC. R. Kothari. |
| 250 | 0 | 0 | _a2nd rev. ed. |
| 260 | 0 | 0 |
_aNew Delhi : _bNew Age International, _c2004. |
| 300 | 0 | 0 | _ax, 401 p. : ill. ; 25 cm. |
| 650 | 0 | 0 | _aResearch -- Methodology |
| 942 |
_2ddc _cMAIN |
||
| 999 |
_c43 _d43 |
||